00446nam a2200145Ia 4500003000400000005001700004008004100021040000900062082001800071100003300089245010600122260002200228300000900250650004100259OSt20200515090759.0190216s9999||||xx |||||||||||||| ||und|| coclc a297.23bLAR/R a Lari, Sayyid Mujtaba Musavi 0aResurrection Judgement And The Hereafter :bLessons On Islamic Doctrine /cSayyid Mujtaba Musavi Lari bBook Room,c1992. a251p 0aHistory & geographyvIslamic History